[Event "Kirsehir Ahilik op"]
[Site "Kirsehir"]
[Date "2021.09.13"]
[Round "1"]
[White "Darban Vaighani, Morteza"]
[Black "Donmez, Yusuf"]
[Result "1-0"]
[WhiteElo "2261"]
[BlackElo "1967"]
[PlyCount "65"]
[EventDate "2021.09.13"]
[EventType "swiss"]
[EventRounds "9"]
[EventCountry "TUR"]
[SourceTitle "CBM 204 Extra"]
[Source "ChessBase"]
[SourceDate "2021.11.30"]
[SourceVersion "1"]
[SourceVersionDate "2021.11.30"]
[SourceQuality "1"]

1. e4 d6 2. d4 Nf6 3. Nc3 g6 4. f4 Bg7 5. Nf3 0-0 6. Be3 b6 7. h3 Bb7 8. e5 dxe5 9. dxe5 Nh5 10. Kf2 Qxd1 11. Rxd1 f6 12. Bc4+ Kh8 13. e6 Bh6 14. g3 c6 15. a4 Ng7 16. g4 Ne8 17. h4 Nd6 18. Bd3 c5 19. Nb5 Ne4+ 20. Bxe4 Bxe4 21. Nc7 Nc6 22. Nxa8 Rxa8 23. c3 Rf8 24. Rd7 Bg7 25. h5 Kg8 26. h6 Bh8 27. Rhd1 Bc2 28. R1d2 Bxa4 29. Rc7 c4 30. Nd4 Ne5 31. Kg3 Nd3 32. f5 Nc5 33. Kf3 1-0

[Event "TUR-chT 1st League"]
[Site "Konya"]
[Date "2017.07.18"]
[Round "2.5"]
[White "Donmez, Yusuf"]
[Black "Dogan, Ali Ekber"]
[Result "1/2-1/2"]
[WhiteElo "1994"]
[BlackElo "2136"]
[PlyCount "36"]
[EventDate "2017.07.17"]
[EventType "team-swiss"]
[EventRounds "9"]
[EventCountry "TUR"]
[SourceTitle "CBM 179 Extra"]
[Source "ChessBase"]
[SourceDate "2017.08.23"]
[SourceVersion "1"]
[SourceVersionDate "2017.08.23"]
[SourceQuality "1"]
[WhiteTeam "Karaman Saglik"]
[BlackTeam "Biltis Tatvan"]
[WhiteTeamCountry "TUR"]
[BlackTeamCountry "TUR"]

1. f4 e6 2. Nf3 d5 3. g3 Nh6 4. Bg2 g6 5. 0-0 Bg7 6. d3 0-0 7. c4 c5 8. Nc3 d4 9. Na4 Qa5 10. b3 Bd7 11. Bd2 Qc7 12. Nb2 Nc6 13. h3 Kh8 14. Kh1 Kg8 15. Kg1 Kh8 16. Kh1 Kg8 17. Kg1 Kh8 18. Kh1 Kg8 1/2-1/2

[Event "Ordu op-B 3rd"]
[Site "Ordu"]
[Date "2017.04.07"]
[Round "3"]
[White "Demirbas, Fatih"]
[Black "Donmez, Yusuf"]
[Result "0-1"]
[WhiteElo "1808"]
[BlackElo "2014"]
[PlyCount "84"]
[EventDate "2017.04.06"]
[EventType "swiss"]
[EventRounds "7"]
[EventCountry "TUR"]
[SourceTitle "EXT 2018"]
[Source "ChessBase"]
[SourceDate "2017.10.13"]
[SourceVersion "1"]
[SourceVersionDate "2017.10.13"]
[SourceQuality "1"]

1. e4 d6 2. d4 Nf6 3. Nc3 g6 4. f4 Bg7 5. e5 Nfd7 6. Nf3 c5 7. e6 fxe6 8. Ng5 Nf6 9. dxc5 Nc6 10. Bd3 Qa5 11. cxd6 Nd5 12. 0-0 Nxc3 13. bxc3 Bxc3 14. Rb1 exd6 15. Nxh7 Ne7 16. Bb5+ Nc6 17. Qxd6 Qb6+ 18. Kh1 Bd7 19. Bd2 Qd4 20. Qxd4 Bxd4 21. Ng5 Rh5 22. Rfe1 0-0-0 23. Be3 Rdh8 24. h3 Bc3 25. Re2 e5 26. Nf7 Rf8 27. Nd6+ Kc7 28. Ne4 Bd4 29. Ng3 exf4 30. Bxc6 Bxc6 31. Nxh5 Bxe3 32. Rf1 Bb5 33. Rxe3 Bxf1 34. Rc3+ Kd6 35. Ng7 Bb5 36. Rf3 Bc4 37. Kg1 b5 38. h4 Rg8 39. h5 Rxg7 40. hxg6 Rxg6 41. Rxf4 Bxa2 42. Kf2 Bd5 0-1

[Event "TUR Cup"]
[Site "Antalya"]
[Date "2017.02.03"]
[Round "10"]
[White "Kocak, Can"]
[Black "Donmez, Yusuf"]
[Result "1-0"]
[WhiteElo "1944"]
[BlackElo "2039"]
[PlyCount "141"]
[EventDate "2017.01.28"]
[EventType "swiss"]
[EventRounds "11"]
[EventCountry "TUR"]
[SourceTitle "CBM 176 Extra"]
[Source "ChessBase"]
[SourceDate "2017.03.02"]
[SourceVersion "1"]
[SourceVersionDate "2017.03.02"]
[SourceQuality "1"]

1. e4 g6 2. d4 d6 3. Nc3 Nf6 4. Be3 c6 5. f3 Nbd7 6. Qd2 b5 7. g4 Nb6 8. Bd3 h5 9. g5 Nfd7 10. f4 Bg7 11. Nf3 b4 12. Ne2 c5 13. c3 a5 14. f5 gxf5 15. exf5 Bb7 16. Rf1 Qc7 17. g6 0-0-0 18. Ng5 Bd5 19. gxf7 Bf6 20. Ne6 Qc6 21. N2f4 Nc4 22. Bxc4 Bxc4 23. d5 Qa4 24. Ng6 bxc3 25. bxc3 Bxf1 26. Kxf1 Qe4 27. Qe2 c4 28. Rd1 Qxf5+ 29. Bf2 Qh3+ 30. Kg1 Qg4+ 31. Qxg4 hxg4 32. f8Q Nxf8 33. Nxh8 Nxe6 34. Nf7 Nf4 35. Nxd8 Ne2+ 36. Kf1 Nxc3 37. Rd2 Kxd8 38. Bb6+ Kd7 39. Bxa5 Ne4 40. Re2 Ng5 41. Rc2 Nf3 42. Rxc4 Be5 43. Kg2 Nxh2 44. Bc3 Nf3 45. Rxg4 Bxc3 46. Kxf3 e6 47. dxe6+ Kxe6 48. Rc4 Bb2 49. Ke3 d5 50. Rc6+ Kd7 51. Rb6 d4+ 52. Kd3 Bc3 53. Rg6 Kc7 54. Kc4 Kb7 55. Rd6 Kc7 56. Rd5 Kc6 57. a4 Kb6 58. Rb5+ Ka6 59. Rd5 Kb6 60. Rd6+ Ka5 61. Kb3 Ba1 62. Rd5+ Ka6 63. a5 Kb7 64. Ka4 Kc6 65. a6 Kb6 66. Rd6+ Kc7 67. a7 Kb7 68. Rd7+ Ka8 69. Kb5 d3 70. Ka6 Bf6 71. Rc7 1-0

[Event "Manavgat Turkey Cup"]
[Site "Manavgat"]
[Date "2016.02.02"]
[Round "5"]
[White "Ozen, Batuhan"]
[Black "Donmez, Yusuf"]
[Result "1-0"]
[WhiteElo "1921"]
[BlackElo "2071"]
[PlyCount "93"]
[EventDate "2016.01.30"]
[EventType "swiss"]
[EventRounds "11"]
[EventCountry "TUR"]
[SourceTitle "CBM 170 Extra"]
[Source "ChessBase"]
[SourceDate "2016.02.25"]
[SourceVersion "1"]
[SourceVersionDate "2016.02.25"]
[SourceQuality "1"]

1. c4 Nf6 2. Nf3 g6 3. g3 Bg7 4. Nc3 0-0 5. Bg2 d6 6. 0-0 e5 7. Rb1 Nc6 8. d3 h6 9. b4 Ne8 10. b5 Ne7 11. Nd5 Nxd5 12. cxd5 f5 13. e4 f4 14. d4 g5 15. Ne1 a6 16. a4 axb5 17. axb5 b6 18. Bb2 Bd7 19. Qd3 Kh8 20. Nc2 Qc8 21. Nb4 Ra4 22. Nc2 Bh3 23. f3 h5 24. Ra1 Rxa1 25. Bxa1 Bxg2 26. Kxg2 g4 27. Nb4 Qa8 28. Na6 Qd8 29. Bc3 Qg5 30. Nb4 h4 31. Nc6 h3+ 32. Kh1 fxg3 33. hxg3 gxf3 34. Rxf3 Qc1+ 35. Kh2 Nf6 36. Qe2 Bh6 37. Ne7 Rf7 38. Nf5 Rh7 39. dxe5 Ng4+ 40. Kxh3 Nxe5 41. Bxe5+ Bg7+ 42. Nh4 Bxe5 43. Rf8+ Kg7 44. Qf3 Qg5 45. Qf7+ Kh6 46. Nf5+ Qxf5+ 47. Qxf5 1-0

[Event "Manavgat Turkey Cup"]
[Site "Manavgat"]
[Date "2016.01.30"]
[Round "1"]
[White "Celik, Eda"]
[Black "Donmez, Yusuf"]
[Result "0-1"]
[WhiteElo "1686"]
[BlackElo "2071"]
[PlyCount "74"]
[EventDate "2016.01.30"]
[EventType "swiss"]
[EventRounds "11"]
[EventCountry "TUR"]
[SourceTitle "CBM 170 Extra"]
[Source "ChessBase"]
[SourceDate "2016.02.25"]
[SourceVersion "1"]
[SourceVersionDate "2016.02.25"]
[SourceQuality "1"]

1. e4 d6 2. d4 Nf6 3. Nc3 g6 4. g3 Bg7 5. Bg2 0-0 6. Nge2 c6 7. 0-0 e5 8. a4 Na6 9. h3 Nb4 10. a5 exd4 11. Nxd4 d5 12. e5 Ne4 13. Nxe4 dxe4 14. Bxe4 Bxe5 15. Nf3 Bg7 16. c3 Na6 17. Kh2 Be6 18. Be3 Bc4 19. Re1 Qc8 20. Qa4 Be6 21. Ng5 Bd7 22. Bg2 h6 23. Ne4 c5 24. Qc2 Bc6 25. Nd6 Qd7 26. Bxc6 Qxc6 27. Bf4 g5 28. Nf5 Rfe8 29. Nxg7 Kxg7 30. Be3 Qf3 31. Rad1 Re6 32. Rd3 Qf5 33. Qd2 Rae8 34. g4 Qe5+ 35. f4 Qb8 36. Rf1 gxf4 37. Rxf4 Rxe3 0-1

[Event "TUR-chT2"]
[Site "Konya"]
[Date "2015.07.31"]
[Round "9.8"]
[White "Donmez, Yusuf"]
[Black "Yalim, Suleyman"]
[Result "1/2-1/2"]
[WhiteElo "2066"]
[BlackElo "2031"]
[PlyCount "65"]
[EventDate "2015.07.25"]
[EventType "team-swiss"]
[EventRounds "9"]
[EventCountry "TUR"]
[SourceTitle "EXT 2017"]
[Source "ChessBase"]
[SourceDate "2016.10.25"]
[SourceVersion "1"]
[SourceVersionDate "2016.10.25"]
[SourceQuality "1"]
[WhiteTeam "Karaman Saglik"]
[BlackTeam "Gaziantep Sader"]
[WhiteTeamCountry "TUR"]
[BlackTeamCountry "TUR"]

1. d4 Nf6 2. Nf3 g6 3. Nc3 d5 4. Bf4 Bg7 5. e3 c6 6. Be2 0-0 7. h4 Qb6 8. a3 Bf5 9. Na4 Qa5+ 10. c3 Nbd7 11. b4 Qd8 12. Ne5 Nxe5 13. Bxe5 Ne4 14. Bxg7 Kxg7 15. g4 Bc8 16. Bd3 f5 17. f3 Nd6 18. Ra2 a5 19. Rah2 fxg4 20. fxg4 h6 21. h5 g5 22. Rf1 Rf6 23. Rhf2 axb4 24. axb4 Bxg4 25. Qxg4 Rxa4 26. Ke2 Ra2+ 27. Ke1 Ra1+ 28. Ke2 Rxf1 29. Rxf1 Rxf1 30. Kxf1 Qc7 31. Kg2 Ne4 32. Bxe4 dxe4 33. c4 1/2-1/2

[Event "TUR-chT2"]
[Site "Konya"]
[Date "2015.07.28"]
[Round "5.9"]
[White "Tirak, Mert"]
[Black "Donmez, Yusuf"]
[Result "1-0"]
[WhiteElo "1951"]
[BlackElo "2066"]
[PlyCount "51"]
[EventDate "2015.07.25"]
[EventType "team-swiss"]
[EventRounds "9"]
[EventCountry "TUR"]
[SourceTitle "CBM 167 Extra"]
[Source "ChessBase"]
[SourceDate "2015.09.14"]
[SourceVersion "1"]
[SourceVersionDate "2015.09.14"]
[SourceQuality "1"]
[WhiteTeam "Adana Dahi"]
[BlackTeam "Karaman Saglik"]
[WhiteTeamCountry "TUR"]
[BlackTeamCountry "TUR"]

1. e4 Nc6 2. d4 d5 3. e5 f6 4. f4 Nh6 5. Nf3 Bf5 6. a3 e6 7. Nc3 Be4 8. Bb5 Nf5 9. 0-0 Qd7 10. exf6 gxf6 11. Nd2 Ne3 12. Ndxe4 Nxd1 13. Nxf6+ Ke7 14. Ncxd5+ exd5 15. Nxd7 Nxd4 16. Ba4 Ne2+ 17. Kh1 Ndc3 18. bxc3 Nxc3 19. Re1+ Kd6 20. Nxf8 Rhxf8 21. Bb3 Rae8 22. Bb2 Ne4 23. Be5+ Kc6 24. Bxd5+ Kxd5 25. Rad1+ Kc6 26. Rxe4 1-0

[Event "Manavgat Turkey Cup"]
[Site "Manavgat"]
[Date "2015.02.04"]
[Round "7"]
[White "Karaoglan, Kivanc"]
[Black "Donmez, Yusuf"]
[Result "0-1"]
[WhiteElo "1925"]
[BlackElo "2054"]
[PlyCount "70"]
[EventDate "2015.01.31"]
[EventType "swiss"]
[EventRounds "11"]
[EventCountry "TUR"]
[SourceTitle "CBM 164 Extra"]
[Source "ChessBase"]
[SourceDate "2015.03.02"]
[SourceVersion "1"]
[SourceVersionDate "2015.03.02"]
[SourceQuality "1"]

1. d4 Nf6 2. c4 e5 3. dxe5 Ne4 4. a3 d6 5. Nf3 Nc6 6. exd6 Bxd6 7. Nbd2 Bf5 8. e3 Qf6 9. Nxe4 Bxe4 10. Nd4 0-0 11. Qg4 Rfe8 12. Nxc6 Bxc6 13. Bd3 Be5 14. Qf5 Qxf5 15. Bxf5 Bxg2 16. Rg1 Bf3 17. Bd3 Bxh2 18. Rg5 Rad8 19. Be2 Be4 20. f3 Bc6 21. Kf2 Be5 22. Rb1 Rd6 23. f4 Bf6 24. Rh5 g6 25. Rh2 Be4 26. Ra1 c5 27. Bf3 Rb6 28. Bxe4 Rxe4 29. Kf3 Rxc4 30. e4 Rb3+ 31. Be3 Bxb2 32. Rb1 Rcc3 33. Re2 Bc1 34. Rxb3 Rxb3 35. e5 Rxa3 0-1

[Event "Kemer Turkey Cup"]
[Site "Kemer"]
[Date "2014.02.07"]
[Round "8"]
[White "Erdogan, Anil Berk"]
[Black "Donmez, Yusuf"]
[Result "0-1"]
[WhiteElo "1760"]
[BlackElo "2076"]
[PlyCount "126"]
[EventDate "2014.02.01"]
[EventType "swiss"]
[EventRounds "9"]
[EventCountry "TUR"]
[SourceTitle "CBM 158 Extra"]
[Source "ChessBase"]
[SourceDate "2014.02.28"]
[SourceVersion "1"]
[SourceVersionDate "2014.02.28"]
[SourceQuality "1"]

1. e4 d6 2. d4 Nf6 3. Nc3 g6 4. Be3 a6 5. f3 Bg7 6. Qd2 0-0 7. 0-0-0 b5 8. g4 h5 9. gxh5 Nxh5 10. Nge2 e5 11. Ng3 exd4 12. Bxd4 Bxd4 13. Qxd4 Qg5+ 14. Kb1 Be6 15. Nxh5 Qxh5 16. Be2 Nc6 17. Qf2 Qc5 18. Qh4 Nd4 19. Qf2 Nxe2 20. Qxc5 dxc5 21. Nxe2 Kg7 22. Nf4 Rae8 23. Nd5 Bxd5 24. Rxd5 c4 25. Kc1 Rh8 26. h4 Re6 27. Kd2 Rd6 28. Ke3 Rxd5 29. exd5 Rd8 30. Ke4 Kf6 31. h5 Re8+ 32. Kd4 gxh5 33. Rxh5 Re2 34. c3 Kg6 35. Rh1 Rxb2 36. a4 Rd2+ 37. Kc5 Rd3 38. axb5 axb5 39. Kxb5 Rxc3 40. Kc6 Rd3 41. Rc1 c3 42. Kxc7 Rxd5 43. Rxc3 Kg5 44. Kc6 Rd8 45. Rc5+ f5 46. Rd5 Rc8+ 47. Kd6 Rc3 48. Ke5 Rxf3 49. Rd8 Re3+ 50. Kd4 Re1 51. Rg8+ Kf4 52. Kd3 Kf3 53. Kd2 Re7 54. Rf8 f4 55. Rf6 Kg3 56. Rg6+ Kf2 57. Kd3 f3 58. Rd6 Kg2 59. Rg6+ Kf1 60. Rf6 f2 61. Kd2 Rd7+ 62. Ke3 Ke1 63. Rxf2 Re7+ 0-1

[Event "Kemer Turkey Cup"]
[Site "Kemer"]
[Date "2014.02.06"]
[Round "7"]
[White "Donmez, Yusuf"]
[Black "Dinler, Oral"]
[Result "1-0"]
[WhiteElo "2076"]
[BlackElo "1822"]
[PlyCount "73"]
[EventDate "2014.02.01"]
[EventType "swiss"]
[EventRounds "9"]
[EventCountry "TUR"]
[SourceTitle "CBM 158 Extra"]
[Source "ChessBase"]
[SourceDate "2014.02.28"]
[SourceVersion "1"]
[SourceVersionDate "2014.02.28"]
[SourceQuality "1"]

1. d4 d5 2. Nf3 Nf6 3. Bf4 Bf5 4. c4 c6 5. Qb3 Qb6 6. c5 Qxb3 7. axb3 Nbd7 8. Nc3 e6 9. b4 Be7 10. b5 0-0 11. e3 Nh5 12. bxc6 bxc6 13. b4 Nxf4 14. exf4 Rfb8 15. b5 Rc8 16. Kd2 f6 17. bxc6 Nb8 18. Ba6 Nxa6 19. Rxa6 Rcb8 20. Rc1 Rb2+ 21. Ke3 g5 22. fxg5 fxg5 23. Ne5 g4 24. f4 Rxg2 25. Ra2 Rxa2 26. Nxa2 a5 27. Nc3 Bd8 28. Nb5 Rb8 29. c7 Bxc7 30. Nxc7 Rb3+ 31. Kf2 Rb2+ 32. Ke3 Rxh2 33. c6 Rh3+ 34. Kd2 Rb3 35. Na6 a4 36. c7 Rb2+ 37. Ke1 1-0

[Event "TUR-ch"]
[Site "Antalya"]
[Date "2013.02.08"]
[Round "10"]
[White "Donmez, Yusuf"]
[Black "Erdogdu, Mert"]
[Result "0-1"]
[WhiteElo "2063"]
[BlackElo "2430"]
[PlyCount "104"]
[EventDate "2013.02.02"]
[EventType "swiss"]
[EventRounds "11"]
[EventCountry "TUR"]
[SourceTitle "CBM 152 Extra"]
[Source "ChessBase"]
[SourceDate "2013.02.25"]
[SourceVersion "1"]
[SourceVersionDate "2013.02.25"]
[SourceQuality "1"]

1. d4 Nf6 2. Nf3 g6 3. Nc3 d5 4. Bf4 Bg7 5. e3 0-0 6. Be2 c5 7. dxc5 Nbd7 8. Nxd5 Nxd5 9. Qxd5 Bxb2 10. 0-0 Bxa1 11. Rxa1 Qa5 12. Bh6 Qxc5 13. Qxc5 Nxc5 14. Bxf8 Kxf8 15. Nd4 Bd7 16. f4 Rc8 17. Rb1 b6 18. Rb4 e6 19. Bb5 Bxb5 20. Nxb5 a6 21. Nd6 Rc6 22. Nc4 Nd7 23. Na3 Ke7 24. Kf1 Rc5 25. Rb2 b5 26. Ke2 Nb6 27. Kd2 e5 28. Rb4 Kd6 29. g3 Kc6 30. fxe5 Rxe5 31. Rf4 f5 32. c4 b4 33. Nc2 Kc5 34. Kd3 Na4 35. Nd4 Nb2+ 36. Ke2 Nxc4 37. Nb3+ Kb5 38. Nd4+ Ka4 39. Nxf5 gxf5 40. Rxc4 a5 41. g4 fxg4 42. Kd3 Rd5+ 43. Kc2 Rh5 44. Rxg4 Rxh2+ 45. Kd3 Rxa2 46. Rh4 Kb3 47. Rxh7 a4 48. e4 Rc2 49. Rh1 a3 50. Rb1+ Rb2 51. Ra1 a2 52. e5 Rb1 0-1

[Event "TUR-ch"]
[Site "Antalya"]
[Date "2013.02.07"]
[Round "8"]
[White "Donmez, Yusuf"]
[Black "Ertan, Can"]
[Result "1-0"]
[WhiteElo "2063"]
[BlackElo "2281"]
[PlyCount "83"]
[EventDate "2013.02.02"]
[EventType "swiss"]
[EventRounds "11"]
[EventCountry "TUR"]
[SourceTitle "CBM 152 Extra"]
[Source "ChessBase"]
[SourceDate "2013.02.25"]
[SourceVersion "1"]
[SourceVersionDate "2013.02.25"]
[SourceQuality "1"]

1. d4 Nf6 2. Nf3 b6 3. Bf4 Ba6 4. h3 e6 5. Nbd2 d5 6. c4 dxc4 7. e4 b5 8. Be2 Bb4 9. 0-0 Bxd2 10. Qxd2 Nxe4 11. Qa5 Nd6 12. a4 Bb7 13. axb5 0-0 14. Ne5 a6 15. bxa6 Rxa6 16. Qc5 Bd5 17. Rxa6 Nxa6 18. Qa3 Qf6 19. Be3 Ra8 20. Ra1 c5 21. Qc3 Nb5 22. Qd2 cxd4 23. Bxd4 Rd8 24. Bb6 Rd6 25. Ng4 Qe7 26. Rxa6 Nc7 27. Bxc7 Rxa6 28. Be5 f6 29. Bc3 Qc7 30. f4 Bb7 31. Qd4 Qc6 32. Qd8+ Kf7 33. Ne3 e5 34. Bxc4+ Kg6 35. Qd3+ e4 36. f5+ Kh6 37. Qf1 Qb6 38. Qf4+ g5 39. fxg6+ Kg7 40. Bxa6 Bxa6 41. gxh7 Kxh7 42. Qxe4+ 1-0

[Event "TUR-ch"]
[Site "Antalya"]
[Date "2013.02.06"]
[Round "7"]
[White "Demircin, Kasim"]
[Black "Donmez, Yusuf"]
[Result "0-1"]
[WhiteElo "1844"]
[BlackElo "2063"]
[PlyCount "130"]
[EventDate "2013.02.02"]
[EventType "swiss"]
[EventRounds "11"]
[EventCountry "TUR"]
[SourceTitle "CBM 152 Extra"]
[Source "ChessBase"]
[SourceDate "2013.02.25"]
[SourceVersion "1"]
[SourceVersionDate "2013.02.25"]
[SourceQuality "1"]

1. e4 d6 2. d4 Nf6 3. Nc3 g6 4. Nf3 Bg7 5. h3 a6 6. Bf4 Nc6 7. Qd2 0-0 8. Bd3 Nh5 9. Bh6 Nxd4 10. Nxd4 Bxd4 11. Bxf8 Qxf8 12. Be2 Bxc3 13. Qxc3 Nf4 14. Bf3 c6 15. 0-0-0 Ne6 16. Kb1 Qh6 17. g3 Qg5 18. h4 Qc5 19. Qd2 Qe5 20. h5 Nc5 21. hxg6 fxg6 22. Qh6 Qg7 23. e5 Be6 24. Qxg7+ Kxg7 25. exd6 exd6 26. b4 Na4 27. Rxd6 Re8 28. Kc1 Bc8 29. Kd2 Nb6 30. Rd4 Rf8 31. Ke2 Be6 32. a3 Bc4+ 33. Ke3 Bb5 34. Rhh4 g5 35. Rhg4 Kf6 36. c4 Re8+ 37. Kd2 h5 38. Rd6+ Kf5 39. Rgd4 Nxc4+ 40. Rxc4 Bxc4 41. Bxh5 Re7 42. f3 Ke5 43. Rg6 Kd4 44. Rxg5 Re2+ 45. Kd1 Rh2 46. Rg4+ Kc3 47. Rxc4+ Kxc4 48. Bg4 Kd3 49. Bf5+ Ke3 50. Be4 Ra2 51. Kc1 Kd4 52. g4 Rxa3 53. Kb2 Re3 54. g5 Ke5 55. Kc2 Re1 56. Kd2 Rg1 57. Ke3 Rg3 58. g6 Rh3 59. Kd3 Kf6 60. Kc4 Rh5 61. Kc3 a5 62. bxa5 Rxa5 63. Kd4 Rg5 64. Kc4 Rxg6 65. Kc5 Rg5+ 0-1